000 01382cam a22003975a 4500
001 16964240
003 PILC
005 20160114124310.0
008 110915s1997 nyu 000 1 eng d
010 _a 2011487706
020 _a0812539338 (pbk.)
020 _a9780812539332 (pbk.)
035 _a(OCoLC)ocm37959801
040 _aOCO
_cOCO
_dSVP
_dOCL
_dOCLCQ
_dBAKER
_dBTCTA
_dYDXCP
_dOCLCG
_dDLC
042 _alccopycat
043 _aa-cc---
050 0 0 _aPZ 7
_b.P924 1997
082 _aFIC
_bP91m 1997
100 1 _aPreisler, Jerome.
_919788
245 1 0 _aMortal kombat : annihilation
_cJerome Preisler ; based on a story by Lawrence Kasanoff & Joshua Wexler & John Tobias ; and the screenplay by Brent V. Friedman & Bryce Zabel.
246 0 _aAnnihilation
260 _aNew York :
_bTom Doherty,
_cc1997.
300 _a184 p. ;
_c18 cm.
651 0 _aChina
_xHistory
_yQi dynasty, 479-502
_vFiction.
_919789
655 7 _aMartial arts fiction.
_2lcsh
_96551
655 7 _aFantastic fiction.
_2gsafd
_94903
700 1 _aKasanoff, Lawrence.
_919790
700 1 _aWexler, Joshua.
_919791
700 1 _aTobias, John,
_d1927-
_919792
710 2 _aCopyright Paperback Collection (Library of Congress)
_5DLC
_9705
906 _a0
_bibc
_ccopycat
_d2
_encip
_f20
_gy-genrareb
942 _2lcc
_cBK
999 _c11318
_d11318